"Američania mi nič nedarovali" Vojtech Dúl učí, s čím sa stotožnil sám: byť pozitívne mysliacim homo sapiens

Bibliographic Details
Main Authors: Čániová, Katarína (Author), Dúl, Vojtech (Author)
Format: Article
Language:Slovak
PhysicalDescription:2 foto
Subjects:

MARC

LEADER 00000nab a2200000 a 4500
001 vtls000899513
003 SK-MaSNL
005 20260302174951.0
008 040720e19970103xo 0 slo
035 |a KE8518 
040 |a KEVKJB  |b slo  |c KEVKJB  |e AACR2 
041 0 |a slo 
044 |a xo  |c SK 
080 |a 374.73  |2 1981 
100 1 |a Čániová, Katarína  |4 aut  |9 268107 
245 1 0 |a "Američania mi nič nedarovali"  |b Vojtech Dúl učí, s čím sa stotožnil sám: byť pozitívne mysliacim homo sapiens 
300 |b 2 foto 
611 1 7 |a Dale Carnegie Training (vzdelávacia štúdia)  |2 KEVKJB  |9 885656 
650 0 7 |a vzdelávanie dospelých  |2 KEVKJB  |9 4999 
650 0 7 |a vzdelávacie kurzy   |2 KEVKJB  |9 69184 
650 0 7 |a rozhovory  |2 KEVKJB  |9 453585 
651 7 |a Košice (Slovensko)  |2 KEVKJB  |9 18694 
651 7 |a KE,  |2 KEVKJB  |9 877256 
655 7 |a periodikum  |2 snkbucl  |9 29553 
700 1 0 |a Dúl, Vojtech  |4 aut  |9 885657 
773 0 8 |t Košický večer  |g Roč. 8  |g Roč. 29, 3.1.1997, s. 3 
773 0 8 |i Príl.:  |t Magazín. - Roč. 2, č. 1 (1997) 
852 |a ZVYKNI  |b KIS3GCP 
999 |c 1405586  |d 1407516